| 000 | 01052cam a22003017a 4500 | ||
|---|---|---|---|
| 003 | CHAP | ||
| 005 | 20220329140358.0 | ||
| 008 | 971013s1977 r 00010 d | ||
| 010 | _a51134 | ||
| 011 | _a52106 | ||
| 035 | _a56256 | ||
| 040 | _cCHAP | ||
| 082 |
_a506.9 _bR6 |
||
| 100 | 0 | 0 |
_aRodríguez Sala de Gomezgil, María Luisa. _998885 |
| 245 | 1 | 3 | _aEl científico en México ; su imagen entre los estudiantes de enseñanza media |
| 260 |
_aMéxico, D. F. : _bUNAM. Instituto de Investigaciones Sociales, _c1977 |
||
| 300 |
_a228 p. _b; apénd. |
||
| 590 |
_aBATCH-UPD _b10 _c20130110 _lUCH01 _h0608 |
||
| 590 |
_aBATCH-UPD _b10 _c20130410 _lUCH01 _h0250 |
||
| 590 |
_aBATCH-UPD _b10 _c20130914 _lUCH01 _h0933 |
||
| 590 |
_aCONVERSION _b10 _c20130109 _lUCH01 _h1328 |
||
| 650 | 1 | 4 |
_aCiencia. _923107 |
| 650 | 1 | 4 |
_aCientíficos mexicanos. _923259 |
| 901 | _aBK | ||
| 942 | _cLIBRO | ||
| 949 |
_a506.9 R6 _bBC _cLIBRO _d33724000135034 _eLIBRO _h54453 _i56256 _si _t80.00 |
||
| 949 |
_a506.9 R6 _bBC _cLIBRO _d33724000135083 _eLIBRO _fc.2 _h54454 _i56256 _si _t80.00 |
||
| 999 |
_c51134 _d51134 |
||